| 000 | 00671nam a22001817a 4500 | ||
|---|---|---|---|
| 999 |
_c61101 _d61101 |
||
| 005 | 20231219153138.0 | ||
| 008 | 231219s1972 ru ||||| |||| 00| 0 rus d | ||
| 041 | _arus | ||
| 080 | _a72.03+7 C-59 | ||
| 100 |
_aСоколов, Г. И. _920789 |
||
| 245 |
_aДельфы / _cГ.И.Соколов. |
||
| 264 |
_aМ. : _bИскусство, _c1972. |
||
| 300 |
_a183 с.: _bил.; _c17 см. |
||
| 653 | _aდელფი | ||
| 653 | _aაპოლონის სამლოცველო და სამლოცველო | ||
| 653 | _aკლეობისისა და ბიტონის ქანდაკებები | ||
| 942 |
_2udc _cᲬᲘᲒᲜᲘ |
||